000 00621nam a22001817a 4500
003 UA-OsUOA
001 7746
007 ta
008 20040629b un ||||| |||| 00| 0 ukr d
100 _aГуляк А.
942 _cSA
040 _aUA-OsUOA
_cUA-OsUOA
_dUA-OsUOA
245 _aХудожня модель героїчної минувшини у прозі Адріана Кащенка
300 _aС.62-68
955 _a0
773 0 _w0
_tДивослово (українська мова й література в навчальних закладах)
_dКиїв
_d2004
_g№6
650 7 _aКащенко А.
_2UDC
999 _c293907
_d293907